00589nam a2200205 4500003000400000005001700004008004100021020001800062040001800080050001700098100003700115245006300152264004800215300001800263336002200281337002400303338002400327942001500351999001700366OSt20260530115303.0260507b2016 |||||||| |||| 001 0 eng d a9781607589266 aICIbspacICI aHD57.7bT67 1 aWolrdwide Publishing Inc.93145710aTop 101 Industry Experts:bInsights & Ideas To Inspire You 1bWolrdwide Publishing c2016aEstados Unidos a317 páginas atexto2rdacontent asin medio2rdamedia avolumen2rdacarrier 2lcccBKn1 c12932d12932